<?xml version="1.0" encoding="UTF-8"?>
<record
    xmlns:xsi="http://www.w3.org/2001/XMLSchema-instance"
    xsi:schemaLocation="http://www.loc.gov/MARC21/slim http://www.loc.gov/standards/marcxml/schema/MARC21slim.xsd"
    xmlns="http://www.loc.gov/MARC21/slim">

  <leader>00480    a2200109   4500</leader>
  <controlfield tag="001">ART_51553</controlfield>
  <controlfield tag="005">20260410162028.0</controlfield>
  <controlfield tag="008">260409a                                 </controlfield>
  <datafield tag="245" ind1="1" ind2="0">
    <subfield code="a">Sustanciaci&#xF3;n de la prueba necesaria y de la entrevista personal por modos telem&#xE1;ticos en los procesos relativos al ejercicio de la capacidad jur&#xED;dica en el marco de la pandemia del COVID-19</subfield>
  </datafield>
  <datafield tag="100" ind1="1" ind2=" ">
    <subfield code="a">Scasserra, Selene I.</subfield>
  </datafield>
  <datafield tag="773" ind1="0" ind2=" ">
    <subfield code="t">Temas de derecho procesal</subfield>
    <subfield code="g">- N&#xB0; 11 (nov. 2020)</subfield>
    <subfield code="w">REV44095</subfield>
  </datafield>
  <datafield tag="999" ind1=" " ind2=" ">
    <subfield code="c">33775</subfield>
    <subfield code="d">33775</subfield>
  </datafield>
</record>
